Paruthikadinte kathakal/ (Record no. 33686)

000 -LEADER
fixed length control field 00428nam a22001691a 4500
020 ## - INTERNATIONAL STANDARD BOOK NUMBER
ISBN 9788124007600
082 ## - DEWEY DECIMAL CLASSIFICATION NUMBER
Classification number M301
Item number SID/P
100 ## - MAIN ENTRY--AUTHOR NAME
Personal name Sidharthan Paruthikad
245 ## - TITLE STATEMENT
Title Paruthikadinte kathakal/
Statement of responsibility, etc by Sidharthan Paruthikad
260 ## - PUBLICATION, DISTRIBUTION, ETC. (IMPRINT)
Place of publication Mavelikkara:
Name of publisher Prathibha Books,
Year of publication 1999.
300 ## - PHYSICAL DESCRIPTION
Number of Pages 95p.
650 ## - SUBJECT ADDED ENTRY--TOPICAL TERM
Topical Term Stories Malayalam
650 ## - SUBJECT ADDED ENTRY--TOPICAL TERM
Topical Term Literature Malayalam
650 ## - SUBJECT ADDED ENTRY--TOPICAL TERM
Topical Term Literature
942 ## - ADDED ENTRY ELEMENTS (KOHA)
Koha item type Book
Holdings
Withdrawn status Lost status Damaged status Not for loan Permanent Location Current Location Date acquired Cost, normal purchase price Full call number Accession Number Cost, replacement price Price effective from Koha item type
        Sree Sankaracharya University of Sanskrit Sree Sankaracharya University of Sanskrit 08.01.2015 40.00 M301 SID/P 016275 0.00 08.01.2015 Book
        Sree Sankaracharya University of Sanskrit Sree Sankaracharya University of Sanskrit 08.01.2015 40.00 M301 SID/P 024948 0.00 08.01.2015 Book